"Jedenáste prikázanie"

Bibliographic Details
Main Author: Szőke, Štefan (Author)
Format: Article
Language:Slovak
Subjects:

MARC

LEADER 00000nab a2200000 ar4500
001 vtls010040625
003 SK-MaSNL
005 20260303212203.0
008 100119c1973 xo |r|p|||||||000 b|slo
015 |a SNBRB1973 
038 |a SNKBUCL 
040 |a SNKBUCL  |b slo  |c SNKBUCL  |e AACR2 
041 |a slo 
044 |a xo  |c SK 
080 |a 792.2  |2 1997 
100 1 |a Szőke, Štefan  |4 aut  |9 428412 
245 1 0 |a "Jedenáste prikázanie"  |c Štefan Szőke 
600 1 7 |a Masterházi, Lajos  |t Jedenáste prikázanie  |2 snkbucl  |9 1244697 
610 2 7 |a Divadlo Thália (Košice, Slovensko)  |2 snkbucl  |9 31809 
655 7 |a recenzie  |2 snkbucl  |9 21907 
773 0 |t Východoslovenské noviny  |g (6.4.1973), s. 4 
852 |a SNK  |b KIS3GCP 
958 |a RC 
999 |c 2206040  |d 2207970